| 000 | 00773nam a2200217Ia 4500 | ||
|---|---|---|---|
| 003 | Ost | ||
| 005 | 20260507075044.0 | ||
| 008 | 260507s9999||||xx |||||||||||||| ||und|| | ||
| 040 | _cfsecg | ||
| 041 | _aara | ||
| 082 | _a330 | ||
| 100 |
_aالطباخ، شريف _eمؤلف |
||
| 245 | 0 |
_aالدفوع في الشيك / _c شريف الطباخ |
|
| 260 |
_a[دون مكان]: _b[دون ناشر], _c2002 |
||
| 300 |
_a214 صفحة؛ _bإيضاحات ؛ _c24 سم |
||
| 520 | _aتعريف الشيك وأحكام قانون الشيك الجديد، شروط صحة الشيك، جرائم الشيك، الدفوع المتعلقة بالشيك | ||
| 653 | _aالشيكات | ||
| 653 | _aالقانون | ||
| 653 | _aجرائم الأموال | ||
| 942 | _cكتاب | ||
| 999 |
_c42544 _d42544 |
||